000 00324nam a22001337a 4500
008 171024b xxu||||| |||| 00| 0 eng d
020 _a9781118504390
041 _aeng
080 _27TH
_a311
100 _a55
101 _aSTA
245 _aBUSINESS STATISTICS FOR CONTEMPORARY DECISION MAKING
_cBLACK,K
942 _2udc
_cBK
999 _c35755
_d35755